<?xml version="1.0" encoding="UTF-8"?>
<record
    xmlns:xsi="http://www.w3.org/2001/XMLSchema-instance"
    xsi:schemaLocation="http://www.loc.gov/MARC21/slim http://www.loc.gov/standards/marcxml/schema/MARC21slim.xsd"
    xmlns="http://www.loc.gov/MARC21/slim">

  <leader>00413nam a2200133Ia 4500</leader>
  <controlfield tag="008">191014s9999    xx            000 0 und d</controlfield>
  <datafield tag="020" ind1=" " ind2=" ">
    <subfield code="a">978-1-4822-50350</subfield>
  </datafield>
  <datafield tag="082" ind1=" " ind2=" ">
    <subfield code="a">621.00151</subfield>
    <subfield code="b">AYY</subfield>
  </datafield>
  <datafield tag="100" ind1=" " ind2=" ">
    <subfield code="a">Bilal M. Ayyub Richard H. Mc Cuen </subfield>
    <subfield code="9">20465</subfield>
  </datafield>
  <datafield tag="245" ind1=" " ind2="0">
    <subfield code="a">Numerical Analysis for Engineers: Methods and Applications 2/E</subfield>
  </datafield>
  <datafield tag="260" ind1=" " ind2=" ">
    <subfield code="a">USA</subfield>
    <subfield code="b">CRC Press Taylor &amp; Fracis Group</subfield>
    <subfield code="c">2016</subfield>
  </datafield>
  <datafield tag="300" ind1=" " ind2=" ">
    <subfield code="a">XIX,431</subfield>
  </datafield>
  <datafield tag="942" ind1=" " ind2=" ">
    <subfield code="c">BK</subfield>
  </datafield>
  <datafield tag="999" ind1=" " ind2=" ">
    <subfield code="c">531051</subfield>
    <subfield code="d">531051</subfield>
  </datafield>
  <datafield tag="952" ind1=" " ind2=" ">
    <subfield code="0">0</subfield>
    <subfield code="1">0</subfield>
    <subfield code="4">0</subfield>
    <subfield code="7">0</subfield>
    <subfield code="a">SNS</subfield>
    <subfield code="b">SNS</subfield>
    <subfield code="d">2019-10-15</subfield>
    <subfield code="e">Golden Books</subfield>
    <subfield code="g">12667.50</subfield>
    <subfield code="l">0</subfield>
    <subfield code="o">621.00151AYY</subfield>
    <subfield code="p">SNS0002828</subfield>
    <subfield code="r">2019-10-15</subfield>
    <subfield code="w">2019-10-15</subfield>
    <subfield code="y">BK</subfield>
  </datafield>
</record>
